| 000 -LEADER |
| fixed length control field |
00593cam a22001697a 4500 |
| 008 - FIXED-LENGTH DATA ELEMENTS--GENERAL INFORMATION |
| fixed length control field |
180718b2008 xxu||||| |||| 00| 0 eng d |
| 020 ## - INTERNATIONAL STANDARD BOOK NUMBER |
| International Standard Book Number |
8131601625 |
| 082 ## - DEWEY DECIMAL CLASSIFICATION NUMBER |
| Classification number |
BA27x54 T39i |
| 245 ## - TITLE STATEMENT |
| Title |
In search of inclusive policy: addressing graded inequality |
| Statement of responsibility, etc. |
edited by Sukhadeo Thorat an Narender Kumar |
| 260 ## - PUBLICATION, DISTRIBUTION, ETC. |
| Place of publication, distribution, etc. |
Jaipur |
| Name of publisher, distributor, etc. |
Rawat and Indian Institute of Dalit Studies |
| Date of publication, distribution, etc. |
2008 |
| 300 ## - PHYSICAL DESCRIPTION |
| Extent |
399p. |
| 650 ## - SUBJECT ADDED ENTRY--TOPICAL TERM |
| Topical term or geographic name entry element |
Education and state - India |
| 650 ## - SUBJECT ADDED ENTRY--TOPICAL TERM |
| Topical term or geographic name entry element |
Reverse discrimination - India |
| 650 ## - SUBJECT ADDED ENTRY--TOPICAL TERM |
| Topical term or geographic name entry element |
People with social disabilities - India |
| 700 ## - ADDED ENTRY--PERSONAL NAME |
| Personal name |
Narender Kumar |
| 700 ## - ADDED ENTRY--PERSONAL NAME |
| Personal name |
Thorat, Sukhadeo |